000 00396cam a22001217a 4500
008 180718b1992 xxu||||| |||| 00| 0 eng d
082 _aA75 Or4C
245 _aOrissa district gazetteers, Cuttack
_cedited by Nrusinha Charan Behuria
260 _aBhubaneswar
_bGazetteers Unit, Department of Revenue
_c1992
300 _a1168+p.
650 _aOrissa - Gazetteers
700 _aBehuria, Nrusinha Charan
999 _c486283
_d486283